Designing Human Resource Management Systems. (Record no. 349720)

000 -LEADER
fixed length control field 00622nam a22002297a 4500
003 - CONTROL NUMBER IDENTIFIER
control field OSt
005 - DATE AND TIME OF LATEST TRANSACTION
control field 20180116182958.0
008 - FIXED-LENGTH DATA ELEMENTS--GENERAL INFORMATION
fixed length control field 140617b xxu||||| |||| 00| 0 eng d
020 ## - INTERNATIONAL STANDARD BOOK NUMBER
International Standard Book Number 9788132108962
022 ## - INTERNATIONAL STANDARD SERIAL NUMBER
International Standard Serial Number 9788132108962
040 ## - CATALOGING SOURCE
Transcribing agency 0
050 ## - LIBRARY OF CONGRESS CALL NUMBER
Classification number 658.3001'1
082 ## - DEWEY DECIMAL CLASSIFICATION NUMBER
Classification number 658.3001'1
100 ## - MAIN ENTRY--PERSONAL NAME
Personal name Mukherjee,Jayant
245 ## - TITLE STATEMENT
Title Designing Human Resource Management Systems.
Remainder of title A Leader's Guide.
Statement of responsibility, etc. Jayant Mukherjee
260 ## - PUBLICATION, DISTRIBUTION, ETC.
Place of publication, distribution, etc. New Delhi
Name of publisher, distributor, etc. SAGE Publications.
Date of publication, distribution, etc. 2012
300 ## - PHYSICAL DESCRIPTION
Extent 314p.
500 ## - GENERAL NOTE
General note Paper Cover
600 ## - SUBJECT ADDED ENTRY--PERSONAL NAME
Personal name Mukherjee,Jayant
700 ## - ADDED ENTRY--PERSONAL NAME
Personal name Mukherjee,Jayant
942 ## - ADDED ENTRY ELEMENTS (KOHA)
Source of classification or shelving scheme
Koha item type Book
Call number prefix 658.3001'1
Holdings
Withdrawn status Lost status Source of classification or shelving scheme Damaged status Not for loan Collection code Permanent Location Current Location Shelving location Date acquired Total Checkouts Full call number Barcode Date last seen Date last checked out Price effective from Koha item type
            Central Library (CL) Central Library (CL) General Stacks 06/17/2014 1 658.3001'1 MUK NBS9144 01/18/2016 12/31/2015 06/17/2014 Book
© 2023 Central Library, National University of Sciences and Technology. All Rights Reserved.